Cách tân trong Quốc âm thi tập của Nguyễn Trãi
Nguyễn Trãi – con người và văn nghiệp. Những cách tân trong Quốc âm thi tập của Nguyễn Trãi về mặt nội dung. Những cách tân trong Quốc âm thi tập của Nguyễn Trãi về mặt nghệ thuật.
محفوظ في:
| المؤلف الرئيسي: | |
|---|---|
| مؤلفون آخرون: | |
| التنسيق: | كتاب |
| اللغة: | Vietnamese |
| منشور في: |
Đà Nẵng
Đại học Sư phạm, Đại học Đà Nẵng
2013
|
| الموضوعات: | |
| الوسوم: |
إضافة وسم
لا توجد وسوم, كن أول من يضع وسما على هذه التسجيلة!
|
| Thư viện lưu trữ: | Mạng thư viện Đại học Đà Nẵng |
|---|
| LEADER | 01761nam a2200397 4500 | ||
|---|---|---|---|
| 001 | 000018937 | ||
| 003 | 15372 | ||
| 005 | 20140311110343.0 | ||
| 008 | 140221s2013 viesd | ||
| 041 | |a vie | ||
| 072 | |a VH | ||
| 082 | 1 | 4 | |a 895.92211 |b NG-L |
| 100 | 1 | |a Nguyễn Thị Hồng Lĩnh | |
| 245 | 1 | 0 | |a Cách tân trong Quốc âm thi tập của Nguyễn Trãi |c Nguyễn Thị Hồng Lĩnh ; Lê An Vinh hướng dẫn |k Khóa luận tốt nghiệp |
| 260 | |a Đà Nẵng |b Đại học Sư phạm, Đại học Đà Nẵng |c 2013 | ||
| 300 | |a 71 tr. |c 29 cm. | ||
| 500 | |a Khóa luận tốt nghiệp đại học. Chuyên ngành: Cử nhân Văn học | ||
| 520 | |a Nguyễn Trãi – con người và văn nghiệp. Những cách tân trong Quốc âm thi tập của Nguyễn Trãi về mặt nội dung. Những cách tân trong Quốc âm thi tập của Nguyễn Trãi về mặt nghệ thuật. | ||
| 600 | 1 | 4 | |a Nguyễn Trãi |d 1380-1442 |t Quốc âm thi tập |
| 650 | 0 | 4 | |a Thơ Nôm |v Khóa luận tốt nghiệp |x Nguyễn Trãi |z Việt Nam |
| 653 | |a Quốc âm thi tập | ||
| 653 | |a Thơ Nôm | ||
| 653 | |a Khoa Ngữ văn | ||
| 653 | |a Văn học Việt Nam trung đại | ||
| 653 | |a Thơ Việt Nam | ||
| 700 | 1 | |a Lê An Vinh |e Hướng dẫn | |
| OWN | |a LSP | ||
| AVA | |a UDN50 |b LSP |d 895.92211 NG-L |e available |t Error 5001 Not defined in file expand_doc_bib_avail. |f 1 |g 0 |h N |i 0 |k 1 | ||
| 999 | |a From the UDN01 | ||
| AVA | |a UDN50 |b LSP |d 895.92211 NG-L |e available |t Error 5001 Not defined in file expand_doc_bib_avail. |f 1 |g 0 |h N |i 0 |k 1 | ||
| TYP | |a Monograph | ||
| TYP | |a Printed language | ||
| 980 | |a Mạng thư viện Đại học Đà Nẵng | ||